000 00548 a2200157 4500
999 _c10306
_d10306
020 _a9781789905298
050 _aKQC276HAT 2020
100 _aHatchard, John
_eauthor
245 _aCombating money laundering in Africa :
_bdealing with the problem of PEPs /
_cJohn Hatchard
264 _aCheltenham, UK ;
_bEdward Elgar ,
_c 2020
300 _a xxii, 301 pages ; 24 cm
500 _aIncludes bibliography
650 _a Money laundering
_xLaw and legislation
650 _aPolitically exposed people
_x Africa
942 _2lcc
_cBK
_h276
_iHAT
_kKQC